FAO yearbook Comercio,Commerce,FAO anuario; Vol.52,Fao annuaire,Trade
The book is a compilation of statistical data on basic food and agricultural products for all countries and territories of the world. It primarily includes commodity trade tables (imports and exports, quantity and values) for the year 1996 - 1998 and aggregate value tables for the years 1993 - 1998.
Na minha lista:
| Autor Corporativo: | |
|---|---|
| Formato: | Livro |
| Idioma: | Undetermined |
| Publicado em: |
Rome, Italy
FAO
1999
|
| Assuntos: | |
| Tags: |
Adicionar Tag
Sem tags, seja o primeiro a adicionar uma tag!
|
| Thư viện lưu trữ: | Trung tâm Học liệu Trường Đại học Cần Thơ |
|---|
| LEADER | 00875nam a2200217Ia 4500 | ||
|---|---|---|---|
| 001 | CTU_36057 | ||
| 008 | 210402s9999 xx 000 0 und d | ||
| 082 | |a 338.1 | ||
| 082 | |b F218/Vol.52/1998 | ||
| 110 | |a FAO | ||
| 245 | 0 | |a FAO yearbook | |
| 245 | 0 | |b Comercio,Commerce,FAO anuario; Vol.52,Fao annuaire,Trade | |
| 245 | 0 | |c FAO | |
| 260 | |a Rome, Italy | ||
| 260 | |b FAO | ||
| 260 | |c 1999 | ||
| 520 | |a The book is a compilation of statistical data on basic food and agricultural products for all countries and territories of the world. It primarily includes commodity trade tables (imports and exports, quantity and values) for the year 1996 - 1998 and aggregate value tables for the years 1993 - 1998. | ||
| 650 | |a agriculture,farm produce,farm trade | ||
| 650 | |x statistics | ||
| 904 | |i Minh, 000407 | ||
| 980 | |a Trung tâm Học liệu Trường Đại học Cần Thơ | ||